Southville International School and Colleges
Your cart is empty.
  • Cart
  • Lists
    Public lists Eva Luna New books Lux_list list_1
    Your lists Log in to create your own lists
  • Log in to your account
  • Your cookies
  • Search history
Southville International School and Colleges
  • Advanced search
  • Recent comments
  • Most popular
  • Libraries

Log in to your account

Log in with GOOGLE


If you do not have an external account, but do have a local account, you can still log in:

  1. Home
  2. MARC view: Six questions of Socrates :
Normal view MARC view ISBD view

Six questions of Socrates : (Record no. 1098)

[ view plain ]
MARC details
000 -LEADER
fixed length control field 00999cam a22002894a 4500
001 - CONTROL NUMBER
control field 13313407
003 - CONTROL NUMBER IDENTIFIER
control field OSt
005 - DATE AND TIME OF LATEST TRANSACTION
control field 20140310181656.0
008 - FIXED-LENGTH DATA ELEMENTS--GENERAL INFORMATION
fixed length control field 030814s2004 nyu b 001 0 eng
010 ## - LIBRARY OF CONGRESS CONTROL NUMBER
LC control number 2003018200
020 ## - INTERNATIONAL STANDARD BOOK NUMBER
International Standard Book Number 0393051579
040 ## - CATALOGING SOURCE
Original cataloging agency DLC
Transcribing agency DLC
Modifying agency DLC
042 ## - AUTHENTICATION CODE
Authentication code pcc
050 00 - LIBRARY OF CONGRESS CALL NUMBER
Classification number BJ 1521
Item number .P558 2004
082 00 - DEWEY DECIMAL CLASSIFICATION NUMBER
Classification number IB 179.9
Item number P54 2004
100 1# - MAIN ENTRY--PERSONAL NAME
Personal name Phillips, Christopher,
Dates associated with a name 1959 July 15-
245 10 - TITLE STATEMENT
Title Six questions of Socrates :
Remainder of title a modern-day journey of discovery through world philosophy /
Statement of responsibility, etc Christopher Phillips.
250 ## - EDITION STATEMENT
Edition statement 1st ed.
260 ## - PUBLICATION, DISTRIBUTION, ETC. (IMPRINT)
Place of publication, distribution, etc New York :
Name of publisher, distributor, etc W. W. Norton,
Date of publication, distribution, etc c2004.
300 ## - PHYSICAL DESCRIPTION
Extent 320 p. :
Dimensions 21 cm.
650 #0 - SUBJECT ADDED ENTRY--TOPICAL TERM
Topical term or geographic name as entry element Virtues.
856 41 - ELECTRONIC LOCATION AND ACCESS
Materials specified Table of contents
Uniform Resource Identifier <a href="http://www.loc.gov/catdir/toc/ecip047/2003018200.html">http://www.loc.gov/catdir/toc/ecip047/2003018200.html</a>
906 ## - LOCAL DATA ELEMENT F, LDF (RLIN)
a 7
b cbc
c orignew
d 1
e ecip
f 20
g y-gencatlg
942 ## - ADDED ENTRY ELEMENTS (KOHA)
Source of classification or shelving scheme Library of Congress Classification
Koha item type Books
Holdings
Withdrawn status Lost status Source of classification or shelving scheme Damaged status Home library Current library Shelving location Date acquired Total Checkouts Full call number Barcode Date last seen Copy number Price effective from Koha item type
    Library of Congress Classification   Luxembourg Library Luxembourg Library International Baccalaureate Section 04/16/2012   BJ 1521 .P558 2004 14659 08/13/2013 1 10/03/2013 Books

Six questions of Socrates :

APA

Phillips C., . (2004). Six questions of Socrates. New York: W. W. Norton.

Chicago

Phillips Christopher, . 2004. Six questions of Socrates. New York: W. W. Norton.

Harvard

Phillips C., . (2004). Six questions of Socrates. New York: W. W. Norton.

MLA

Phillips Christopher, . Six questions of Socrates. New York: W. W. Norton. 2004.

  • Place hold
  • Print
  • Cite
  • Add to your cart (remove)
  • Save record
    BIBTEX Dublin Core MARCXML MARC (non-Unicode/MARC-8) MARC (Unicode/UTF-8) MARC (Unicode/UTF-8, Standard) MODS (XML) RIS
  • More searches
    Search for this title in:
    Other Libraries (WorldCat) Other Databases (Google Scholar) Online Stores (Bookfinder.com) Open Library (openlibrary.org)

Exporting to Dublin Core...

SOUTHVILLE LIBRARY

Southville International School and Colleges Library

1281 Tropical Ave. Cor. Luxembourg St., BF Homes International, Las Pinas City

Tel. No. 8256374 / 252358 Loc. 117/146

Powered by Koha